Faktory ovplyvňujúce dlhový pomer

Slovensko ako aj väčšina krajín Európskej únie bojuje so zhoršeným stavom verejných financií. Zadlženosť krajín sa z roka na rok zvyšuje. Stretávame sa so situáciou, kedy verejný dlh rastie nielen v jeho absolútnom vyjadrení. Rastúci charakter má aj dlhový pomer. Príspevok je zameraný na skúmanie re...

Ausführliche Beschreibung

Gespeichert in:
Bibliographische Detailangaben
1. Verfasser: Arvajovičová, Kristína
Format: Buchkapitel
Sprache:Slowakisch
Schlagworte:
Tags: Tag hinzufügen
Keine Tags, Fügen Sie das erste Tag hinzu!

MARC

LEADER 00000nla a2200000 4500
001 0175785
005 20221020084840.5
041 0 |a slo 
044 |a SK 
245 1 0 |a Faktory ovplyvňujúce dlhový pomer  |c Kristína Arvajovičová 
520 |a Slovensko ako aj väčšina krajín Európskej únie bojuje so zhoršeným stavom verejných financií. Zadlženosť krajín sa z roka na rok zvyšuje. Stretávame sa so situáciou, kedy verejný dlh rastie nielen v jeho absolútnom vyjadrení. Rastúci charakter má aj dlhový pomer. Príspevok je zameraný na skúmanie relatívnej váhy verejného dlhu k HDP a faktorov ovplyvňujúcich tento pomer v krajinách EÚ. Bisphamova analýza. 
610 2 0 |a dlhy verejné 
610 2 0 |a produkt domáci hrubý 
610 2 0 |a zadlženosť 
610 2 0 |a Slovensko 
610 2 0 |a Európska únia 
100 1 |a Arvajovičová, Kristína